Statistics for Morseova abeceda

Click here to take the quiz!

General Stats

  • This quiz has been taken 280 times
    (272 since last reset)
  • The average score is 17 of 27

Answer Stats

pomocné slovo% Correct
Aakát.-
97%
Eerb.
87%
Oó náš pán---
84%
Bblýskavice-...
78%
Ddálava, dálnice-..
78%
Iibis..
78%
Ccílovníci-.-.
76%
Hhrachovina, holubice....
75%
FFilipíny..-.
73%
Ssekera, sobota...
72%
Mmává--
71%
GGrónská zem--.
69%
Ttón, trám-
68%
Rrarášek.-.
64%
Kkrákorá, království-.-
62%
Jjasmín bílý, junácká hůl.---
59%
Nnárod, nástup, nána-.
59%
CHchléb nám dává, chvátá k nám sám----
58%
Llupíneček, lední hokej.-..
57%
Ppapírníci.--.
56%
Zznámá žena--..
51%
Wwagón klád.--
47%
Uučený, uličník..-
46%
Vvyučený, vyvolený...-
45%
XXénokratés-..-
38%
Yý se ztrácí, ý se krátí-.--
37%
Qkvílí orkán--.-
35%

Score Distribution

Percentile by Number Answered

Percent of People with Each Score

Your Score History

You have not taken this quiz since the last reset